01179nam a2200265 a 450000100100000000500170001000800410002702000180006804000250008608200200011110000300013124500660016124600490022726000360027630000210031250000650033359000260039865000280042465000310045291000380048395201330052195201180065495201240077299900170089600004594320240412074305.0150602s2015 dr r 000 p spa d a9789945166651 aDO-SdBNPbspacBNPHU aRD861.44bC199s1 aCamps, Libertad de97401710a60 Poemas de amor y canto a la libertad /cLibertad de Camps.12aSesenta poemas de amor y canto a la libertad aSanto Domingo :bBúho,c2015. a133 p. ;c22 cm. aIncluye datos biografícos de la autora en la contraportada aInventariado, 2018/BT 0aPoesía dominicana966 0aLiteratura dominicana.967 aValidado. Control de calidad. MFF 001054708DSaGRbGRcHDd2015-06-02iLF1l0oRD861.44 C199sp45943-30r2020-06-25te. 3w2020-06-25yLFDSZPréstamo en sala 0010718PDaPDbPDcHDd2015-06-02iLF1l0oRD861.44 C199sp45943-10r2020-06-25w2020-06-25yLFPDZNo se presta 0010718PDaPDbPDcHDd2015-06-02iLF1l0oRD861.44 C199sp45943-20r2020-06-25te. 2w2020-06-25yLFPDZNo se presta c45432d45432